[Event "Victoria-ch U20"]
[Site "Box Hill"]
[Date "2004.05.29"]
[Round "5"]
[White "Lim, Shueh Hann"]
[Black "Collins, Michael"]
[Result "1-0"]
[WhiteElo "1443"]
[BlackElo "827"]
[PlyCount "43"]
[EventDate "2004.05.22"]
[EventType "swiss"]
[EventRounds "8"]
[EventCountry "AUS"]
[SourceTitle "EXT 2006"]
[Source "ChessBase"]
[SourceDate "2005.11.24"]
[SourceVersion "1"]
[SourceVersionDate "2005.11.24"]
[SourceQuality "1"]

1. e4 e6 2. d4 d5 3. Nd2 c5 4. exd5 exd5 5. Ngf3 Nf6 6. Bb5+ Bd7 7. Qe2+ Qe7 8. 0-0 a6 9. Bxd7+ Nbxd7 10. Qxe7+ Bxe7 11. Re1 Rc8 12. c3 Rc7 13. dxc5 Nxc5 14. Nf1 0-0 15. Bg5 Nfe4 16. Bxe7 Rxe7 17. Rad1 Rd8 18. Nd4 Rde8 19. Ne3 g6 20. Nxd5 Re5 21. Nf3 Rd8 22. Nxe5 1-0

[Event "Victoria-ch U20"]
[Site "Box Hill"]
[Date "2004.05.23"]
[Round "4"]
[White "Wallis, Christopher"]
[Black "Lim, Shueh Hann"]
[Result "1-0"]
[WhiteElo "1549"]
[BlackElo "1443"]
[PlyCount "89"]
[EventDate "2004.05.22"]
[EventType "swiss"]
[EventRounds "8"]
[EventCountry "AUS"]
[SourceTitle "EXT 2006"]
[Source "ChessBase"]
[SourceDate "2005.11.24"]
[SourceVersion "1"]
[SourceVersionDate "2005.11.24"]
[SourceQuality "1"]

1. d4 Nf6 2. Bg5 d5 3. Bxf6 exf6 4. e3 Bd6 5. g3 c6 6. Bg2 Be6 7. Ne2 Nd7 8. 0-0 0-0 9. Nd2 Qc7 10. Rc1 b5 11. a4 b4 12. c4 bxc3 13. bxc3 Nb6 14. a5 Nc8 15. Qa4 Ne7 16. c4 Qd7 17. c5 Bc7 18. Rb1 Rab8 19. a6 Rb5 20. Rxb5 cxb5 21. Qb3 f5 22. Nc3 Rb8 23. Rb1 Ba5 24. Bf1 Bxc3 25. Qxc3 Qc6 26. Qa5 Bd7 27. Bxb5 Qc8 28. Bxd7 Rxb1+ 29. Nxb1 Qxd7 30. Nc3 Nc6 31. Qb5 Kf8 32. Qb7 Ke8 33. Qxd7+ Kxd7 34. Nxd5 Ke6 35. Nc7+ Kd7 36. Nb5 Nb4 37. Nxa7 Nxa6 38. Nb5 f6 39. Nd6 g6 40. Kf1 Ke6 41. Ke2 Nb4 42. Kd2 Nd5 43. Kd3 h5 44. Kc4 Ne7 45. Nb5 1-0